| 000 | 00402nam a2200145Ia 4500 | ||
|---|---|---|---|
| 008 | 210210b1977 xxu||||| |||| 00| 0 eng d | ||
| 082 | _a580.742 JAIH | ||
| 100 | _aJAIN (S K) and RAO (R R). | ||
| 245 | _aHandbook of field & Herbarium | ||
| 260 |
_aN Delhi _bToday & Tommorrow''s Publishers _c1977 |
||
| 300 | _axiv,157 | ||
| 650 | _aField Herbarium Methods | ||
| 690 | _aBotany | ||
| 906 | _aSG01740 | ||
| 999 |
_c112632 _d112632 |
||